Peinture : des tableaux très célèbres - Statistiques

Statistiques générales
  • Ce quiz a été pris 661 fois
  • Le résultat moyen est 14 sur 20
Statistiques - réponses
Par images Réponse % Correct
Léonard de Vinci
96%
Pablo Picasso
96%
Vincent Van Gogh
95%
Salvador Dali
91%
Eugène Delacroix
88%
Edvard Munch
87%
Gustav Klimt
84%
Claude Monet
79%
Johannes Vermeer
78%
Sandro Boticcelli
73%
Edouard Manet
65%
Auguste Renoir
63%
Jacques-Louis David
54%
Théodore Géricault
53%
Rembrandt
50%
Gustave Courbet
47%
Edgar Degas
44%
Piet Mondrian
44%
Diego Velasquez
42%
Paul Cézanne
38%
Aucun quiz correspondant
Distribution des résultats
% des personnes avec chaque résultat
Percentile par nombre de réponses
Votre historique - résultats
Vous n’avez pas pris ce quiz